UK Law Articles in English

Detalles Bibliográficos
Formato: eBook
Lenguaje:inglés
Publicado: [s.l.] : Mondaq, 2015 -
Materias:
Acceso en línea:Acceso restringido

MARC

LEADER 00000nam a22000007a 4500
005 20150707123156.0
007 cr|||| ||||
008 150707c20159999uk zn|| s|||| 0|||a1eng d
035 |a 8743 
040 |a vLex 
090 |c 5477  |d 5477 
245 0 0 |a UK Law Articles in English  |h [Recurso electrn̤ico]  
256 |a Servicio en ln̕ea 
260 |a [s.l.] :  |b Mondaq,  |c 2015 -  
300 |a 1 recurso electrn̤ico 
310 |a Irregular 
506 1 |a Contenido disponible en los productos indicados  |d vLex Global  |d vLex Global (Academic Edition, excluding Law Schools)  |d vLex Global (U.S. Academic Edition, Law Schools)  |d vLex Global (U.S. Academic Edition, excluding Law Schools)  |d vLex Global (Academic Edition, Law Schools) 
650 |a Derecho 
740 0 |a vLex Revistas (Servicio en Ln̕ea) 
856 4 0 |u http://vlex.com/source/uk-law-articles-in-english-8743  |z Acceso restringido 
942 |c REV 
999 0 |a Law